000 01596cam a2200133 4500500
005 20260329000450.0
041 _afre
042 _adc
100 1 0 _aBorne, Dominique
_eauthor
245 0 0 _aHistoire de la société française depuis 1945
260 _bArmand Colin,
_c2002.
520 _aNouvelle présentation, 3e éditionAprès quatre années d’Occupation, la France restaurée se modernise et change. Comment faire la part des bouleversements et des permanences dans le monde du travail, le cadre familial, les modes de vie, les pratiques culturelles ? État-providence, société de loisir, consommation de masse: telle est la France des années soixante-dix dont la crise ébranle bien des certitudes. La société a-t-elle parfaitement accepté l’évolution des années fastes ? Quel est le diagnostic que livre la période de récession: une société en crise ou une crise de la société ?Ce livre concilie l’étude des changements dans la durée et la réflexion sur les thèmes majeurs. L’exposé clair et structuré est pourvu d’outils au fil du texte: chronologies, cartes, commentaires, données chiffrées, développement des problématiques importantes… Un instrument de travail utile pour les étudiants d’histoire et d’études politiques, les élèves des classes préparatoires aux grandes écoles, ainsi que les candidats aux concours d’enseignement et aux concours administratifs.
856 4 1 _uhttps://shs.cairn.info/histoire-de-la-societe-francaise-depuis-1945--9782200262723?lang=fr&redirect-ssocas=7080
999 _c1796015
_d1796015